000 00266nam a22001217a 4500
008 171005b xxu||||| |||| 00| 0 eng d
041 _aeng
080 _a159.9
100 _a49
101 _aPSI
245 _aCARDIOPULMARY PHYSIOLOGY
_cSPECK.D.F
942 _2udc
_cBK
999 _c32023
_d32023